Los trabajadores de tierra caliente / (Registro nro. 29787)

Detalles MARC
000 -LEADER
fixed length control field 01000nam a22002297a 4500
003 - CONTROL NUMBER IDENTIFIER
control field OSt
005 - DATE AND TIME OF LATEST TRANSACTION
control field 20221213073053.0
008 - FIXED-LENGTH DATA ELEMENTS--GENERAL INFORMATION
fixed length control field 221213s1983 ck ||||gr|||| 00| 0 spa d
040 ## - CATALOGING SOURCE
Original cataloging agency CO-JMCR
Transcribing agency CO-JMCR
041 0# - LANGUAGE CODE
Language code of text/sound track or separate title spa
082 04 - DEWEY DECIMAL CLASSIFICATION NUMBER
Edition number 23
Classification number 331.383 /
Item number R618t
100 1# - MAIN ENTRY--PERSONAL NAME
Personal name Rivas, Medardo,
Relator term autor
9 (RLIN) 42493
245 14 - TITLE STATEMENT
Title Los trabajadores de tierra caliente /
Statement of responsibility, etc. Medardo Rivas
250 ## - EDITION STATEMENT
Edition statement Cuarta edición
260 ## - PUBLICATION, DISTRIBUTION, ETC.
Place of publication, distribution, etc. Bogotá :
Name of publisher, distributor, etc. Editorial incunables,
Date of publication, distribution, etc. 1983
300 ## - PHYSICAL DESCRIPTION
Extent 356 páginas ;
Dimensions 21 cm
505 0# - FORMATTED CONTENTS NOTE
Formatted contents note Monte de la Mesa -- La tierra caliente -- La Mesa -- Anapoima -- Máximas y reflexiones morales del duque de La Rochefoucauld -- Las Juntas -- Tocaima -- Nacimiento de la industria -- Anolaima -- Guaduas -- La posada y el hotel -- Guataquicito -- Gonzalo Jiménez de Quesada -- El añil -- El café
650 14 - SUBJECT ADDED ENTRY--TOPICAL TERM
Topical term or geographic name entry element Trabajadores agrícolas
General subdivision Historia
Geographic subdivision Colombia
9 (RLIN) 42494
651 #4 - SUBJECT ADDED ENTRY--GEOGRAPHIC NAME
Geographic name Colombia
General subdivision Historia
Chronological subdivision Siglo XIX
9 (RLIN) 11689
651 #4 - SUBJECT ADDED ENTRY--GEOGRAPHIC NAME
Geographic name Colombia
General subdivision Condiciones rurales
9 (RLIN) 42495
942 ## - ADDED ENTRY ELEMENTS (KOHA)
Source of classification or shelving scheme Dewey Decimal Classification
Koha item type Books
Existencias
Withdrawn status Lost status Source of classification or shelving scheme Damaged status Not for loan Home library Current library Date acquired Total Checkouts Full call number Barcode Date last seen Copy number Price effective from Koha item type
    Dewey Decimal Classification     Biblioteca Pública José María del Castillo y Rada Biblioteca Pública José María del Castillo y Rada 12/13/2022   331.383 / R618t 201811665 05/16/2024 Ej.1 12/13/2022 Books